000 nam a22 a 4500
999 _c182029
_d182029
003 BLK
005 20221206153125.0
008 180411b bul|||||r ||||||| ||bul||
010 _aKNG00190952000
040 _aBLK
041 _aBUL
_cBUL
080 _aАнатомия. Вж и 572 ; 591.4 ; 616.1/.9 ; 343.9 ; 743
_b611
_x(075.8)
_z611(075.8)
100 1 _aГълъбов, Георги Петров
_9372176
139 _aГълъбов, Георги Петров и др.
_bГ 96
245 1 0 _aRepetitorium anatomicum
_bУч. помагало за студентите от ВМИ
_cГеорги Петров Гълъбов.
250 _a2. стер. изд.
257 _aBGR
260 _aСофия
_bМедицина и физкултура
_c1983
300 _a272 с.
_c21 см
380 _a61
500 _a1. изд. 1981.
650 4 _aАнатомия - учебници за ВУЗ
_9241831
653 _aанатомия
653 _aучебници за ВУЗ
852 _aЦб 120537
_bЦб
856 4 _qpdf
856 4 _qpdf
942 _cKNG
_n0
_s1
944 _aCR
_c28.09.2016
_kКамелия_Данева
944 _aED
_c29.09.2016
_kКамелия_Данева